000 00411nam a22001697a 4500
005 20180809122123.0
008 160514b xxu||||| |||| 00| 0 eng d
020 _a81-219-2300-X
041 _aeng
082 _b2242
_a658.3
100 _aDr. S.S. Khanka
_9632
245 _aHuman Resource Management
260 _bS. Chand & Company
_c2010
_adelhi
300 _a449p,
650 _aManagement
_9241
942 _cBK
999 _c826
_d826